00544nam a2200193 a 4500001001300000003000900013005001700022008004100039020002300080082001500103100002200118245005100140260004100191300000900232500003500241505002500276650002700301700002200328nice12345678IN_TiNIC20260116012303.0050524s1978 cana grp 000 0 eng  a0919586 c10000a226.5bHAR aHarlow, Gertrud I aNever Thirst Againb Studies in John`s Gospel. aCanadabEvery Day Publicationsc1978 a176p aincludes index and biblioraphy2 aBibliograpphy, Index aBible N.T. Gospel John1 aHarlow, Gertrud I